| 000 | 00432nam a22001817a 4500 | ||
|---|---|---|---|
| 003 | MPLRDC | ||
| 005 | 20220104123806.0 | ||
| 008 | 210129b ||||| |||| 00| 0 eng d | ||
| 020 | _a957-573-033-X | ||
| 082 | _a427.1 SHXL v.10 | ||
| 100 | _a不详 | ||
| 245 |
_a火锅料理 _c |
||
| 260 |
_a _b泉源出版社 _c1992 |
||
| 300 | _b平 | ||
| 490 | _a生活系列. 10 | ||
| 650 | _a食谱--火锅 | ||
| 942 |
_cBK _o427.1 SHXL v.10 |
||
| 999 |
_c14229 _d14219 |
||